000 00506nam a2200193Ia 4500
005 20250508165707.0
008 008 250505s9999 xx 000 0 hin d
037 _aTextual
040 _aFEDL
_beng
_cFEDL
041 _ahin
_2eng
084 _a516, MUL
_qFEDL
100 _aMuley Gunakar
_9398672
245 0 _aJyamiti ki kahani
260 _aDelhi, India
_bGyan-Vigyan Prakashan
_c1989
300 _a114p.
365 _aINR
_b10
942 _cTEXL
_h516, MUL
999 _c1396800
_d1396800